| Tag |
First Indicator |
Second Indicator |
Subfields |
| LEADER |
00000nam a2200000 4500 |
| 001 |
in00004221621 |
| 005 |
20200806100410.0 |
| 006 |
m g d |
| 007 |
cr bn |||a|bb| |
| 008 |
910718s1569 enk o 00| | eng d |
| 035 |
|
|
|a (UnM)99843488
|
| 037 |
|
|
|a CL0036000001
|b ProQuest. 789 E. Eisenhower Parkway, Ann Arbor, MI 48108-3218
|
| 040 |
|
|
|a Cu-RivES
|c Cu-RivES
|d CStRLIN
|e dcrb
|d WaOLN
|
| 100 |
1 |
|
|a Cheke, John,
|c Sir,
|d 1514-1557.
|
| 245 |
1 |
4 |
|a The hurt of sedition, how grieuous it is to a common welth. Set out by Sir Iohn Cheeke Knight. 1549. And now newly pervsed and printed the. 14. of December. 1569
|
| 246 |
2 |
|
|a Hurt of sedicion howe greveous it is to a commune welth
|
| 246 |
2 |
|
|a Hurt of sedition, how grievous it is to a common welth.
|
| 246 |
2 |
|
|a True subiect to the rebell.
|
| 246 |
2 |
|
|a True subject to the rebell.
|
| 260 |
|
|
|a Imprinted at London :
|b By Willyam Seres,
|c [1569]
|
| 300 |
|
|
|a 1 online resource ([96] pages)
|
| 336 |
|
|
|a text
|b txt
|2 rdacontent
|
| 337 |
|
|
|a computer
|b c
|2 rdamedia
|
| 338 |
|
|
|a online resource
|b cr
|2 rdacarrier
|
| 500 |
|
|
|a Signatures: A-M⁴.
|
| 500 |
|
|
|a Running title reads: The true subiect to the rebell.
|
| 500 |
|
|
|a Reproduction of the original in Cambridge University Library.
|
| 510 |
4 |
|
|a STC (2nd edition)
|c 5110.
|
| 533 |
|
|
|a Electronic reproduction.
|b Ann Arbor, Mich. :
|c UMI,
|d 1999-
|f (Early English books online)
|n Digital version of: (Early English books, 1475-1640 ; 29:10)
|7 s1999 miun s
|
| 650 |
|
0 |
|a Kett's Rebellion, 1549
|v Early works to 1800.
|
| 650 |
|
0 |
|a Sedition
|v Early works to 1800.
|
| 830 |
|
0 |
|a Early English books online.
|
| 856 |
4 |
0 |
|u http://proxy.library.tamu.edu/login?url=https://search.proquest.com/docview/2240884776
|z Connect to the full text of this electronic book
|t 0
|
| 999 |
f |
f |
|s 3c2a6124-26bf-3dc2-be52-b06e69611314
|i 0a31b931-b293-3f7e-b5e6-c04b7aaf49c0
|t 0
|
| 952 |
f |
f |
|a Texas A&M University
|b College Station
|c Electronic Resources
|d Available Online
|t 0
|h No information provided
|
| 998 |
f |
f |
|t 0
|l Available Online
|